00494nam a2200121Ia 4500008004100000100002900041245010700070245005700177260005300234260000900287650001500296856006100311170221s9999 xx 000 0 und d aIrina Gennadievna Kuzina 4aThe Structure of Value Orientations of Modern Russian Families: The Regional Dimension of the Problem  cIrina Gennadievna Kuzina, Anna Viktorovna Vinokurova bInternational Review of Management and Marketing c2013 xMarketing. uhttp://www.econjournals.com/index.php/irmm/issue/view/75